Statistics for NASCAR Bristol Night Race Winners

Click here to take the quiz!

General Stats

  • This quiz has been taken 296 times
    (48 since last reset)
  • The average score is 36 of 46

Answer Stats

YearDriver% Correct
2023Denny Hamlin
95%
2019Denny Hamlin
95%
2012Denny Hamlin
95%
2017Kyle Busch
95%
2009Kyle Busch
95%
2010Kyle Busch
95%
2004Dale Earnhardt, Jr.
93%
2003Kurt Busch
93%
2018Kurt Busch
93%
2021Kyle Larson
93%
1987Dale Earnhardt
90%
1988Dale Earnhardt
90%
1985Dale Earnhardt
90%
1999Dale Earnhardt
90%
2002Jeff Gordon
90%
2008Carl Edwards
88%
2007Carl Edwards
88%
2020Kevin Harvick
88%
2016Kevin Harvick
88%
1984Terry Labonte
85%
1995Terry Labonte
85%
2022Chris Buescher
83%
2015Joey Logano
80%
2014Joey Logano
80%
2001Tony Stewart
78%
2011Brad Keselowski
73%
1998Mark Martin
73%
1993Mark Martin
73%
1979Darrell Waltrip
70%
1992Darrell Waltrip
70%
1981Darrell Waltrip
70%
1982Darrell Waltrip
70%
1983Darrell Waltrip
70%
1986Darrell Waltrip
70%
1989Darrell Waltrip
70%
2013Matt Kenseth
70%
2006Matt Kenseth
70%
2005Matt Kenseth
70%
1997Dale Jarrett
65%
2000Rusty Wallace
65%
1994Rusty Wallace
65%
1996Rusty Wallace
65%
1980Cale Yarborough
60%
1978Cale Yarborough
60%
1991Alan Kulwicki
48%
1990Ernie Irvan
38%

Score Distribution

Percentile by Number Answered

Percent of People with Each Score

Your Score History

You have not taken this quiz since the last reset